LEADER 01076nam a2200277 i 4500 001 000000250784 003 CaOOAMICUS 005 20160822000000.0 008 160822s1899 it u000 u ita u 013 $a229689 040 $aSeMil$bita 100 1 $aBoito, Camillo,$d<1836-1914>.$0(OLS)http://semarc/name/59525 245 10$aSenso :$bnuove storielle vane /$cdi Camillo Boito. 250 $a3. migliaio. 260 $aMilano :$bFratelli Treves,$c1899. 300 $a302 p. ;$c19 cm. 490 0 $aBiblioteca amena a una lira il volume ;$v553 500 $aLascito Card. C.M. Martini. 650 4$aDisegno.$0(OLS)http://semarc/subject/5858 830 0$aBiblioteca amena a una lira il volume ;$v553.$0(OLS)http://semarc/title/6667 850 $aSeMil 852 $aSeMil$W1$xVenegono$y1$m1O II 89 FA$j201130$B201130$CSeMilBibl$Z2$F212886 $8I 941 1 $a4 961 $aLascito: Martini Card. Carlo Maria 996 $6245$aSenso :$bnuove storielle vane$9(OLS)http://semarc/title/352955 996 $6260$aMilano :$bFratelli Treves$9(OLS)http://semarc/publisher/30212 LEADER 00500naa a2200145 i 4500 001 000000303269 003 CaOOAMICUS 005 20180831172756.0 008 180831n xx u000 u und u 013 $a11051 040 $aSeMil$bita 100 1 $aDeininger, Bernd.$0(OLS)http://semarc/name/87052 245 10$aDialogo polemico. 773 0 $tControversia sui chierici.$dBrescia : Queriniana, copyr. 1991.$kGiornale di teologia$z88-399-0703-3$w()37692 996 $6245$aDialogo polemico$9(OLS)http://semarc/title/379246 LEADER 00515nab a2200145 i 4500 001 000000309348 003 CaOOAMICUS 005 20180831172952.0 008 180831n xx uu u0 0und r 013 $a18441 040 $aSeMil$bita 100 1 $aMarinoni, Giuseppe,$d<1810-1891>.$0(OLS)http://semarc/name/57210 245 10$aHymnus in honorem Virginis Mariae sine labe conceptae. 773 0 $t[Luglio-Dicembre].$g478$w()273828 996 $6245$aHymnus in honorem Virginis Mariae sine labe conceptae$9(OLS)http://semarc/title/384416 LEADER 00671nam a2200181 i 4500 001 000000191369 003 CaOOAMICUS 005 20100727000000.0 008 100727s1962 it u000 u lat u 013 $a169894 040 $aSeMil$bita 100 1 $aMatteo : da Coronata .$0(OLS)http://semarc/name/10492 245 10$a3 :$bde processibus. 300 $a747 p. ;$c25 cm. 773 0 $aMatteo : da Coronata $tInstitutiones Iuris Canonici.$dTaurini ; Romae : Marietti, 1950.$g3$w()23561 850 $aSeMil 852 $aSeMil$W1$xVenegono$y1$m2H VII 4$j262639$B141983$CSeMilBibl$Z2$F153557 $81 996 $6245$a3 :$bde processibus$9(OLS)http://semarc/title/275731 LEADER 01525nam a2200313 i 4500 001 000000061648 003 CaOOAMICUS 005 20250717083053.0 008 091023s1996 it u000 u ita u 020 $a88-02-05789-3 040 $aSeMil$bita 240 00$aYijing.$0(OLS)http://semarc/title/454881 245 02$aI Ching :$bil libro della versatilità /$ca cura della Fondazione Eranos ; traduzione dal cinese di Rudolf Ritsema e Shantena Augusto Sabbadini. 260 $aTorino :$bUnione Tipografico-Editrice Torinese,$c1996. 300 $a861 p. ;$c24 cm. 490 0 $aClassici delle religioni. Sez. 1, Le religioni orientali 650 4$aI ching.$0(OLS)http://semarc/subject/58255 650 4$aDivinazione.$0(OLS)http://semarc/subject/16490 700 1 $aSabbadini, Shantena Augusto,$d<1943- >.$0(OLS)http://semarc/name/31328 700 1 $aRitsema, Rudolf.$0(OLS)http://semarc/name/31327 710 2 $aFondazione Eranos.$0(OLS)http://semarc/name/31326 830 0$aClassici delle religioni. Sez. 1, Le religioni orientali .$0(OLS)http://semarc/title/15838 850 $aSeMil 852 $aSeMil$W1$xVenegono$y1$m2LA H 20$j259821$B27801$CSeMilBibl$Z2$F27804 $81 961 $aAcquisto: UTET (Agente) 996 $6020$a88-02-05789-3$9(OLS)http://semarc/number/37977 996 $6245$aI Ching :$bil libro della versatilità$9(OLS)http://semarc/title/96919 996 $6260$aTorino :$bUnione Tipografico-Editrice Torinese$9(OLS)http://semarc/publisher/29628 LEADER 01444nam a2200289 i 4500 001 000000066061 003 CaOOAMICUS 005 20250404115707.0 008 981222s1989 be u000 u lat u 013 $a37233 020 $a2-503-70000-4 040 $aSeMil$bita 100 0 $aIsidorus : Hispalensis,$c.$0(OLS)http://semarc/name/3357 245 10$aDe ecclesiasticis officiis /$cIsidorus Episcopus Hispalensis ; digesserunt Eddy Gouder ... [et al.] ; CETEDOC, Universitas Catholica Lovaniensis, Lovanii Novi. 260 $aTurnhout :$bBrepols,$c1989. 300 $a27 p. ;$c25 cm. 490 0 $aCorpus Christianorum. Instrumenta Lexicologica Latina. Ser. B, Lemmata ;$vFasc.51 700 1 $aGouder, Eddy.$0(OLS)http://semarc/name/16322 710 2 $aUniversité Catholique : Centre de traitement èlectronique des documents.$0(OLS)http://semarc/name/60 830 0$aCorpus Christianorum. Instrumenta Lexicologica Latina. Ser. B, Lemmata ;$v51.$0(OLS)http://semarc/title/2157 850 $aSeMil 852 $aSeMil$W1$xVenegono$y1$mSL2.G CC.CM.ILL 51/1$j255751$B32214$CSeMilBibl$Z2$F32217 $8I 961 $aSottoscrizione: Brepols 996 $6020$a2-503-70000-4$9(OLS)http://semarc/number/43571 996 $6245$aDe ecclesiasticis officiis$9(OLS)http://semarc/title/104977 996 $6260$aTurnhout :$bBrepols$9(OLS)http://semarc/publisher/29626 LEADER 01331nam a2200277 i 4500 001 000000127224 003 CaOOAMICUS 005 20070302000000.0 008 070302s1997 it u000 u ita u 013 $a99932 020 $a88-7802-802-9 040 $aSeMil$bita 100 1 $aIstituto Lombardo per gli Studi Filosofici e Giuridici.$0(OLS)http://semarc/name/52892 245 13$aIl lavoro liberato :$bun contributo al dibattito su occupazione e mercato /$cIstituto Lombardo per gli Studi Filosofici e Giuridici ; a cura di Mario Giacomini. Il lavoro nel nuovo capitalismo / Saggio introduttivo di Giulio Sapelli. 260 $aMilano :$bGuerini,$c1997. 300 $a246 p. ;$c23 cm. 500 $aContiene : Bibliografia. - Fondo Card. C.M. Martini. 700 1 $aGiacomini, Mario.$0(OLS)http://semarc/name/52893 700 1 $aSapelli, Giulio <1947- >.$0(OLS)http://semarc/name/92494 850 $aSeMil 852 $aSeMil$W1$xVenegono$y1$m3M IV 95$j81542$B81542$CSeMilBibl$Z2$F123772 $81 941 1 $a4 961 $aOmaggio: Martini Card. Carlo Maria 996 $6020$a88-7802-802-9$9(OLS)http://semarc/number/113614 996 $6245$aIl lavoro liberato :$bun contributo al dibattito su occupazione e mercato$9(OLS)http://semarc/title/187731 996 $6260$aMilano :$bGuerini$9(OLS)http://semarc/publisher/31534